Loading...
| Geography/Current Events | 0 | 3 | 0 | 0 | 30 | 48 | 86.00 | 0 | 1 |
| History - American History | 0 | 3 | 0 | 1 | 30 | 116 | 119.67 | 0 | 0 |
| History - Other History | 0 | 2 | 0 | 0 | 20 | 50 | 70.00 | 1 | 2 |
| Literature - American Literature | 0 | 2 | 0 | 0 | 20 | 11 | 51.00 | 1 | 1 |
| History - European History | 0 | 3 | 2 | 1 | 20 | 52 | 84.67 | 2 | 3 |
| Social Science | 0 | 1 | 0 | 0 | 10 | 127 | 127.00 | 0 | 0 |
| Religion | 0 | 1 | 0 | 0 | 10 | 97 | 97.00 | 0 | 0 |
| Fine Arts - Other Fine Arts | 0 | 1 | 0 | 0 | 10 | 122 | 122.00 | 0 | 0 |
| Philosophy | 0 | 1 | 0 | 0 | 10 | 103 | 103.00 | 0 | 1 |
| History - World History | 0 | 1 | 1 | 0 | 5 | 95 | 95.00 | 0 | 0 |
| Fine Arts - Visual Fine Arts | 0 | 0 | 1 | 0 | -5 | 0.00 | 0 | 0 |